[Event "Bruges Masters 2019"]
[Site "Bruges"]
[Date "2019.08.11"]
[Round "2.9"]
[White "Dgebuadze, Alexandre"]
[Black "Todts, Benny"]
[Result "1/2-1/2"]
[WhiteElo "2495"]
[BlackElo "1932"]
[Annotator "ChessBase"]
[PlyCount "191"]
[EventDate "2019.08.11"]
[EventType "swiss"]
[EventCountry "BEL"]
[SourceTitle "playchess.com"]
[Source "ChessBase"]
[SourceQuality "1"]
[TimeControl "5400+30"]

1. e4 {[%emt 0:00:00]} e6 {[%emt 0:00:00]} 2. d3 {[%emt 0:00:00]} d5 {[%emt 0:00:00]} 3. Qe2 {[%emt 0:00:00]} dxe4 {[%emt 0:01:44]} 4. dxe4 {[%emt 0:00:45]} Nc6 {[%emt 0:00:41]} 5. c3 {[%emt 0:04:39]} Nf6 {[%emt 0:02:26]} 6. e5 {[%emt 0:03:05]} Nd5 {[%emt 0:00:29]} 7. Nf3 {[%emt 0:00:42]} Bc5 {[%emt 0:02:02]} 8. Nbd2 {[%emt 0:03:49]} O-O {[%emt 0:03:24]} 9. Ne4 {[%emt 0:00:48]} Be7 {[%emt 0:01:15]} 10. Bd2 {[%emt 0:02:40]} f6 {[%emt 0:03:44]} 11. exf6 {[%emt 0:03:51]} Bxf6 {[%emt 0:01:33]} 12. g3 {[%emt 0:11:13]} e5 {[%emt 0:08:07]} 13. Bg2 {[%emt 0:01:46]} Bg4 {[%emt 0:10:11]} 14. Qc4 {[%emt 0:02:51]} Kh8 {[%emt 0:01:15]} 15. O-O-O {[%emt 0:06:49]} Nb6 {[%emt 0:01:50]} 16. Qb3 {[%emt 0:06:11]} Qe8 {[%emt 0:06:29]} 17. h3 {[%emt 0:04:40]} Be6 {[%emt 0:02:18]} 18. Qc2 {[%emt 0:00:06]} Qg6 {[%emt 0:03:53]} 19. Rhe1 {[%emt 0:07:57]} Be7 {[%emt 0:08:39]} 20. Bg5 {[%emt 0:03:24]} Bxh3 {[%emt 0:07:37]} 21. Bxh3 {[%emt 0:07:12]} Rxf3 {[%emt 0:00:57]} 22. Bxe7 {[%emt 0:03:53]} Nxe7 {[%emt 0:02:30]} 23. Bg2 {[%emt 0:01:46]} Rf7 {[%emt 0:01:28]} 24. Rh1 {[%emt 0:01:09]} Raf8 {[%emt 0:01:10]} 25. Rh2 {[%emt 0:04:07]} Nc4 {[%emt 0:09:46]} 26. Bf1 {[%emt 0:07:47]} Ne3 {[%emt 0:03:46]} 27. fxe3 {[%emt 0:00:48]} Rxf1 {[%emt 0:01:14]} 28. Qd3 {[%emt 0:01:58]} Rxd1+ {[%emt 0:02:19]} 29. Kxd1 {[%emt 0:00:07]} Nf5 {[%emt 0:01:32]} 30. Rf2 {[%emt 0:03:25]} Re8 {[%emt 0:01:33]} 31. Nd2 {[%emt 0:05:37]} Qg4+ {[%emt 0:01:41]} 32. Kc1 {[%emt 0:01:28]} Nxg3 {[%emt 0:01:39]} 33. e4 {[%emt 0:01:15]} Nh5 {[%emt 0:01:28]} 34. Qb5 {[%emt 0:00:10]} Rd8 {[%emt 0:02:43]} 35. Qd5 {[%emt 0:00:56]} Qg5 {[%emt 0:01:24]} 36. Rf5 {[%emt 0:00:29]} Qe7 {[%emt 0:04:32]} 37. Qxe5 {[%emt 0:00:31]} Qxe5 {[%emt 0:00:20]} 38. Rxe5 {[%emt 0:00:06]} Nf6 {[%emt 0:00:11]} 39. Rf5 {[%emt 0:00:11]} Kg8 {[%emt 0:00:35]} 40. Kc2 {[%emt 0:00:19]} Kf7 {[%emt 0:00:32]} 41. e5 {[%emt 0:00:23]} Ke6 {[%emt 0:00:10]} 42. Rf2 {[%emt 0:00:52]} Kxe5 {[%emt 0:00:23]} 43. Nf3+ {[%emt 0:00:16]} Ke4 {[%emt 0:00:46]} 44. Nd4 {[%emt 0:00:56]} c5 {[%emt 0:00:43]} 45. Ne6 {[%emt 0:00:06]} Rd6 {[%emt 0:00:40]} 46. Nxg7 {[%emt 0:00:26]} c4 {[%emt 0:00:33]} 47. Nf5 {[%emt 0:00:11]} Rd3 {[%emt 0:00:26]} 48. Ng3+ {[%emt 0:01:07]} Ke5 {[%emt 0:00:33]} 49. Nf1 {[%emt 0:00:15]} Ng4 {[%emt 0:00:28]} 50. Rf7 {[%emt 0:00:10]} h5 {[%emt 0:00:36]} 51. b3 {[%emt 0:01:11]} Ne3+ {[%emt 0:00:40]} 52. Nxe3 {[%emt 0:00:15]} Rxe3 {[%emt 0:00:07]} 53. bxc4 {[%emt 0:00:18]} h4 {[%emt 0:00:15]} 54. Rxb7 {[%emt 0:00:31]} h3 {[%emt 0:00:22]} 55. Rh7 {[%emt 0:00:41]} Rg3 {[%emt 0:00:27]} 56. c5 {[%emt 0:00:23]} Kd5 {[%emt 0:00:19]} 57. Kb3 {[%emt 0:00:21]} Kxc5 {[%emt 0:00:20]} 58. Rxa7 {[%emt 0:00:10]} h2 {[%emt 0:01:10]} 59. Rh7 {[%emt 0:00:05]} Rg2 {[%emt 0:00:04]} 60. a4 {[%emt 0:00:29]} Rd2 {[%emt 0:01:03]} 61. Rh6 {[%emt 0:00:40]} Re2 {[%emt 0:00:50]} 62. a5 {[%emt 0:00:11]} Kb5 {[%emt 0:00:08]} 63. a6 {[%emt 0:00:18]} h1=Q {[%emt 0:00:25]} 64. Rxh1 {[%emt 0:01:01]} Kxa6 {[%emt 0:00:06]} 65. Kc4 {[%emt 0:00:14]} Kb6 {[%emt 0:00:49]} 66. Rh6+ {[%emt 0:00:13]} Kc7 {[%emt 0:00:27]} 67. Kd5 {[%emt 0:00:11]} Rg2 {[%emt 0:00:28]} 68. Rh5 {[%emt 0:00:51]} Kb6 {[%emt 0:00:49]} 69. Rh6+ {[%emt 0:00:10]} Kc7 {[%emt 0:00:05]} 70. Re6 {[%emt 0:00:55]} Rg5+ {[%emt 0:00:46]} 71. Kc4 {[%emt 0:00:23]} Rg4+ {[%emt 0:00:22]} 72. Kb5 {[%emt 0:00:15]} Rg5+ {[%emt 0:00:10]} 73. Kb4 {[%emt 0:00:06]} Rg1 {[%emt 0:00:17]} 74. Rh6 {[%emt 0:00:18]} Rg5 {[%emt 0:00:28]} 75. Ra6 {[%emt 0:00:19]} Kb7 {[%emt 0:00:25]} 76. Rf6 {[%emt 0:00:07]} Rh5 {[%emt 0:00:11]} 77. c4 {[%emt 0:00:05]} Kc7 {[%emt 0:00:30]} 78. Rf4 {[%emt 0:00:17]} Kb7 {[%emt 0:00:15]} 79. c5 {[%emt 0:00:15]} Rh1 {[%emt 0:00:16]} 80. Kb5 {[%emt 0:00:12]} Rb1+ {[%emt 0:00:07]} 81. Kc4 {[%emt 0:00:12]} Rc1+ {[%emt 0:00:18]} 82. Kd5 {[%emt 0:00:06]} Rd1+ {[%emt 0:00:15]} 83. Rd4 {[%emt 0:00:04]} Rxd4+ {[%emt 0:00:14]} 84. Kxd4 {[%emt 0:00:03]} Kc6 {[%emt 0:00:17]} 85. Kc4 {[%emt 0:00:03]} Kc7 {[%emt 0:00:04]} 86. Kd5 {[%emt 0:00:04]} Kd7 {[%emt 0:00:07]} 87. c6+ {[%emt 0:00:05]} Kc7 {[%emt 0:00:03]} 88. Kc5 {[%emt 0:00:04]} Kc8 {[%emt 0:00:04]} 89. Kd6 {[%emt 0:00:04]} Kd8 {[%emt 0:00:05]} 90. Ke6 {[%emt 0:00:05]} Kc7 {[%emt 0:00:09]} 91. Kd5 {[%emt 0:00:04]} Kc8 {[%emt 0:00:15]} 92. Kc5 {[%emt 0:00:04]} Kc7 {[%emt 0:00:05]} 93. Kb5 {[%emt 0:00:02]} Kc8 {[%emt 0:00:10]} 94. Kb6 {[%emt 0:00:04]} Kb8 {[%emt 0:00:04]} 95. c7+ {[%emt 0:00:05]} Kc8 {[%emt 0:00:04]} 96. Kc6 {[%emt 0:12:14]} 1/2-1/2

[Event "Bruges Masters 2019"]
[Site "Bruges"]
[Date "2019.08.11"]
[Round "2.10"]
[White "Leenhouts, Koen"]
[Black "Goossens, Hanne"]
[Result "1-0"]
[WhiteElo "2426"]
[BlackElo "2134"]
[Annotator "NA"]
[PlyCount "45"]
[EventDate "2019.08.11"]
[EventType "swiss"]
[EventCountry "BEL"]
[SourceTitle "playchess.com"]
[Source "ChessBase"]
[SourceQuality "1"]
[TimeControl "5400+30"]

1. d4 {[%emt 0:00:00]} Nf6 {[%emt 0:00:00]} 2. c4 {[%emt 0:00:00]} g6 {[%emt 0:00:00]} 3. Nc3 {[%emt 0:00:00]} Bg7 {[%emt 0:00:00]} 4. e4 {[%emt 0:00:00]} d6 {[%emt 0:00:03]} 5. f3 {[%emt 0:00:00]} O-O {[%emt 0:01:17]} 6. Bg5 {[%emt 0:00:09]} c5 {[%emt 0:01:52]} 7. d5 {[%emt 0:00:08]} Qb6 {[%emt 0:06:07]} 8. Qd2 {[%emt 0:01:51]} e6 {[%emt 0:00:53]} 9. O-O-O {[%emt 0:03:22]} Re8 {[%emt 0:09:19]} 10. h4 {[%emt 0:06:34]} Nh5 {[%emt 0:12:07] [#]} (10... exd5 $16 11. Bxf6 (11. exd5 Nbd7 $14) 11... Bxf6) 11. Nge2 $1 {[%emt 0:00:40]} f5 $18 {[%emt 0:03:44]} (11... Nd7 $142 12. dxe6 fxe6) 12. g4 {[%emt 0:15:58]} Nf6 {[%emt 0:02:40]} 13. dxe6 {[%emt 0:02:17]} fxg4 {[%emt 0:02:08]} 14. Nd5 {[%emt 0:00:57]} Nxd5 {[%emt 0:03:07]} 15. exd5 {[%emt 0:00:19]} gxf3 {[%emt 0:03:06]} 16. Nc3 {[%emt 0:04:40]} Nc6 {[%emt 0:22:57]} 17. h5 {[%emt 0:00:41]} Ne5 {[%emt 0:03:37]} 18. hxg6 {[%emt 0:00:12]} hxg6 {[%emt 0:00:59]} 19. Qh2 {[%emt 0:02:38]} Bxe6 {[%emt 0:10:27]} 20. Qh7+ {[%emt 0:01:09]} Kf8 {[%emt 0:04:20]} 21. dxe6 {[%emt 0:00:09]} Rxe6 {[%emt 0:00:22]} 22. Bh6 {[%emt 0:00:20]} Qc7 {[%emt 0:01:34]} 23. Qh8+ {[%emt 0:00:07]} 1-0

[Event "Bruges Masters 2019"]
[Site "Bruges"]
[Date "2019.08.11"]
[Round "2.11"]
[White "Quesada Vera, Liordis"]
[Black "Keuning, Selwin"]
[Result "1/2-1/2"]
[WhiteElo "2386"]
[BlackElo "2078"]
[Annotator "NA"]
[PlyCount "206"]
[EventDate "2019.08.11"]
[EventType "swiss"]
[EventCountry "BEL"]
[SourceTitle "playchess.com"]
[Source "ChessBase"]
[SourceQuality "1"]
[TimeControl "5400+30"]

1. Nf3 {[%emt 0:00:00]} c5 {[%emt 0:00:00]} 2. c4 {[%emt 0:01:30]} Nc6 {[%emt 0:00:00]} 3. g3 {[%emt 0:00:08]} g6 {[%emt 0:00:00]} 4. Bg2 {[%emt 0:00:05]} Bg7 {[%emt 0:00:00]} 5. Nc3 {[%emt 0:00:11]} e6 {[%emt 0:00:12]} 6. d4 {[%emt 0:08:28]} Nxd4 {[%emt 0:04:26]} 7. Nxd4 {[%emt 0:00:57]} cxd4 {[%emt 0:00:42]} 8. Nb5 {[%emt 0:00:16]} Qb6 {[%emt 0:03:42]} 9. Qa4 {[%emt 0:05:23]} a6 {[%emt 0:07:34]} 10. e3 {[%emt 0:02:20]} d3 $11 {[%emt 0:04:47]} 11. O-O {[%emt 0:04:14]} Ne7 {[%emt 0:04:23]} 12. Nd4 {[%emt 0:26:44]} O-O {[%emt 0:11:47]} 13. Rd1 {[%emt 0:17:13]} d5 {[%emt 0:08:00]} 14. Qa3 {[%emt 0:02:49]} Re8 {[%emt 0:09:19]} 15. cxd5 {[%emt 0:10:52]} Nxd5 {[%emt 0:01:55]} 16. Rxd3 {[%emt 0:00:19]} Bd7 {[%emt 0:02:40]} 17. Bd2 {[%emt 0:00:38]} Rac8 {[%emt 0:04:42]} 18. Rd1 {[%emt 0:12:49]} Bf8 {[%emt 0:07:13]} 19. Qb3 {[%emt 0:01:47]} Qxb3 {[%emt 0:00:55]} 20. axb3 {[%emt 0:00:03]} b6 {[%emt 0:03:59]} 21. Bxd5 {[%emt 0:01:21]} exd5 {[%emt 0:00:17]} 22. Bc3 {[%emt 0:00:12]} b5 {[%emt 0:04:49]} 23. b4 {[%emt 0:01:51]} Be6 {[%emt 0:02:00]} 24. Ra1 {[%emt 0:00:04]} Ra8 {[%emt 0:00:56]} 25. Ra5 {[%emt 0:00:05]} Rec8 {[%emt 0:02:15]} 26. Rd1 {[%emt 0:00:21]} Rc4 {[%emt 0:01:51]} 27. Rda1 {[%emt 0:00:16]} Bxb4 {[%emt 0:02:11]} 28. Bxb4 {[%emt 0:00:07]} Rxb4 {[%emt 0:00:05]} 29. b3 {[%emt 0:00:05]} Rc8 {[%emt 0:03:08]} 30. Rxa6 {[%emt 0:00:36]} Rc3 {[%emt 0:00:34]} 31. Kf1 {[%emt 0:01:41]} Bg4 {[%emt 0:01:15]} 32. Ke1 {[%emt 0:00:18]} Rd3 {[%emt 0:00:40]} 33. R6a2 {[%emt 0:01:00]} Rdxd4 {[%emt 0:02:09]} 34. exd4 {[%emt 0:00:04]} Rxd4 {[%emt 0:00:04]} 35. Rd2 {[%emt 0:01:09]} Re4+ {[%emt 0:00:24]} 36. Kf1 {[%emt 0:00:02]} d4 {[%emt 0:04:28]} 37. Kg2 {[%emt 0:00:28]} Be6 {[%emt 0:00:03]} 38. Ra8+ {[%emt 0:01:17]} Kg7 {[%emt 0:00:08]} 39. Rd8 {[%emt 0:00:15]} Bxb3 {[%emt 0:00:12]} 40. R8xd4 {[%emt 0:00:21]} Rxd4 {[%emt 0:01:03]} 41. Rxd4 {[%emt 0:00:03]} Bc4 {[%emt 0:00:06]} 42. Kf3 {[%emt 0:00:43]} Kf6 {[%emt 0:00:15]} 43. Ke3 {[%emt 0:00:36]} h5 {[%emt 0:00:54]} 44. Re4 {[%emt 0:00:59]} Bd5 {[%emt 0:01:00]} 45. Rb4 {[%emt 0:00:19]} Bc4 {[%emt 0:00:05]} 46. Kd4 {[%emt 0:00:21]} Kf5 {[%emt 0:00:24]} 47. f3 {[%emt 0:00:26]} h4 {[%emt 0:00:48]} 48. Rb1 {[%emt 0:00:37]} hxg3 {[%emt 0:00:10]} 49. hxg3 {[%emt 0:00:02]} Be2 {[%emt 0:01:22]} 50. Rb3 {[%emt 0:00:10]} Bc4 {[%emt 0:00:12]} 51. Re3 {[%emt 0:00:17]} Be6 {[%emt 0:00:45]} 52. Re5+ {[%emt 0:00:06]} Kf6 {[%emt 0:00:02]} 53. Rxb5 {[%emt 0:00:11]} Ba2 {[%emt 0:00:19]} 54. g4 {[%emt 0:00:33]} Be6 {[%emt 0:00:03]} 55. g5+ {[%emt 0:00:15]} Kg7 {[%emt 0:00:57]} 56. Rb6 {[%emt 0:00:22]} Ba2 {[%emt 0:00:17]} 57. f4 {[%emt 0:00:49]} Kg8 {[%emt 0:00:30]} 58. Rb2 {[%emt 0:02:28]} Be6 {[%emt 0:00:05]} 59. Re2 {[%emt 0:00:56]} Bb3 {[%emt 0:00:22]} 60. Ke5 {[%emt 0:00:41]} Kg7 {[%emt 0:00:04]} 61. Rd2 {[%emt 0:00:20]} Be6 {[%emt 0:00:29]} 62. Rc2 {[%emt 0:00:27]} Bb3 {[%emt 0:00:14]} 63. Rc6 {[%emt 0:00:15]} Ba2 {[%emt 0:00:10]} 64. Kd4 {[%emt 0:00:49]} Kg8 {[%emt 0:00:38]} 65. Rd6 {[%emt 0:00:32]} Kg7 {[%emt 0:00:25]} 66. Rb6 {[%emt 0:00:15]} Kg8 {[%emt 0:00:19]} 67. Rb2 {[%emt 0:01:02]} Be6 {[%emt 0:00:03]} 68. Ke5 {[%emt 0:00:18]} Kg7 {[%emt 0:00:04]} 69. Rb6 {[%emt 0:00:16]} Ba2 {[%emt 0:00:16]} 70. f5 {[%emt 0:00:03]} gxf5 {[%emt 0:00:04]} 71. Kxf5 {[%emt 0:00:30]} Be6+ {[%emt 0:00:13]} 72. Kf4 {[%emt 0:00:10]} Kg6 {[%emt 0:00:07]} 73. Rd6 {[%emt 0:00:30]} Kh5 {[%emt 0:01:35]} 74. Rd8 {[%emt 0:01:15]} Kg6 {[%emt 0:00:05]} 75. Rd2 {[%emt 0:00:17]} Kg7 {[%emt 0:00:56]} 76. Ke5 {[%emt 0:00:48]} Kg6 {[%emt 0:00:13]} 77. Rg2 {[%emt 0:00:03]} Bb3 {[%emt 0:00:33]} 78. Rb2 {[%emt 0:00:42]} Be6 {[%emt 0:00:20]} 79. Kf4 {[%emt 0:00:06]} Kg7 {[%emt 0:00:16]} 80. Kg3 {[%emt 0:00:14]} Bd5 {[%emt 0:01:39]} 81. Rf2 {[%emt 0:00:31]} Bb3 {[%emt 0:00:19]} 82. Kh4 {[%emt 0:00:13]} Kg6 {[%emt 0:00:45]} 83. Rf6+ {[%emt 0:00:55]} Kg7 {[%emt 0:00:08]} 84. Rd6 {[%emt 0:00:12]} Bc4 {[%emt 0:00:24]} 85. Kg4 {[%emt 0:00:42]} Be2+ {[%emt 0:01:08]} 86. Kf5 {[%emt 0:00:14]} Bc4 {[%emt 0:00:28]} 87. g6 {[%emt 0:01:44]} Be6+ {[%emt 0:01:16]} 88. Kg5 {[%emt 0:00:31]} f6+ {[%emt 0:00:57]} 89. Kf4 {[%emt 0:00:15]} Bb3 {[%emt 0:00:03]} 90. Kf5 {[%emt 0:00:44]} Bc2+ {[%emt 0:00:06]} 91. Ke6 {[%emt 0:00:12]} Bxg6 {[%emt 0:00:35]} 92. Rd7+ {[%emt 0:00:02]} Kh8 {[%emt 0:00:39]} 93. Kxf6 {[%emt 0:00:13]} Bh7 {[%emt 0:00:48]} 94. Rg7 {[%emt 0:01:35]} Bc2 {[%emt 0:01:27]} 95. Rg3 {[%emt 0:00:26]} Bb1 {[%emt 0:00:46]} 96. Rg2 {[%emt 0:00:33]} Bd3 {[%emt 0:00:14]} 97. Rd2 {[%emt 0:00:16]} Be4 {[%emt 0:01:13]} 98. Kf7 {[%emt 0:00:43]} Bb1 {[%emt 0:00:30]} 99. Rb2 {[%emt 0:00:43]} Bd3 {[%emt 0:00:09]} 100. Rb8+ {[%emt 0:00:12]} Kh7 {[%emt 0:00:07]} 101. Rb4 {[%emt 0:00:11]} Kh8 {[%emt 0:01:09]} 102. Rh4+ {[%emt 0:00:28]} Bh7 {[%emt 0:00:06]} 103. Rxh7+ {[%emt 0:00:08]} Kxh7 {[%emt 0:06:06]} 1/2-1/2

[Event "Bruges Masters 2019"]
[Site "Bruges"]
[Date "2019.08.11"]
[Round "2.12"]
[White "Clijsen, Mark"]
[Black "Jonkman, Harmen"]
[Result "1/2-1/2"]
[WhiteElo "2171"]
[BlackElo "2394"]
[Annotator "NA"]
[PlyCount "84"]
[EventDate "2019.08.11"]
[EventType "swiss"]
[EventCountry "BEL"]
[SourceTitle "playchess.com"]
[Source "ChessBase"]
[SourceQuality "1"]
[TimeControl "5400+30"]

1. d4 {[%emt 0:00:00]} d5 {[%emt 0:00:00]} 2. Bg5 {[%emt 0:00:00]} c5 {[%emt 0:00:58]} 3. dxc5 {[%emt 0:02:18]} f6 {[%emt 0:00:47]} 4. Bd2 {[%emt 0:05:29]} a5 {[%emt 0:02:50]} 5. Nc3 {[%emt 0:06:18]} e5 {[%emt 0:10:03]} 6. e4 {[%emt 0:08:22]} d4 $18 {[%emt 0:02:06]} 7. Na4 {[%emt 0:03:59]} Be6 {[%emt 0:11:45]} 8. c3 {[%emt 0:10:05]} Ne7 {[%emt 0:23:35]} 9. cxd4 {[%emt 0:13:15]} exd4 {[%emt 0:01:09]} 10. Bb5+ {[%emt 0:06:34]} Nec6 {[%emt 0:00:36]} 11. Nf3 {[%emt 0:01:57]} Be7 {[%emt 0:00:38]} 12. O-O {[%emt 0:02:47]} O-O {[%emt 0:00:22]} 13. Bf4 {[%emt 0:01:44]} f5 {[%emt 0:09:49]} 14. exf5 {[%emt 0:08:32]} Rxf5 {[%emt 0:01:39]} 15. Bxb8 {[%emt 0:03:16]} Rxb8 {[%emt 0:00:40]} 16. Bxc6 {[%emt 0:02:41]} bxc6 {[%emt 0:00:06]} 17. Nxd4 {[%emt 0:01:29]} Rd5 {[%emt 0:05:39]} 18. Nxe6 {[%emt 0:00:58]} Rxd1 {[%emt 0:00:08]} 19. Nxd8 {[%emt 0:00:08]} Rdxd8 {[%emt 0:00:09]} 20. Rad1 {[%emt 0:03:09]} Kf7 {[%emt 0:00:12]} 21. b3 {[%emt 0:04:15]} h5 {[%emt 0:02:00]} 22. g3 {[%emt 0:01:08]} Bf6 {[%emt 0:03:19]} 23. Nb6 {[%emt 0:01:37]} Rd4 {[%emt 0:02:43]} 24. Rxd4 {[%emt 0:01:55]} Bxd4 {[%emt 0:00:02]} 25. Rd1 {[%emt 0:00:19]} Bxc5 {[%emt 0:01:16]} 26. Nd7 {[%emt 0:00:27]} Rb5 {[%emt 0:00:47]} 27. a4 {[%emt 0:01:00]} Bxf2+ {[%emt 0:00:14]} 28. Kxf2 {[%emt 0:00:07]} Rxb3 {[%emt 0:00:04]} 29. Ne5+ {[%emt 0:00:55]} Ke6 {[%emt 0:01:13]} 30. Nxc6 {[%emt 0:00:11]} Rb2+ {[%emt 0:00:04]} 31. Kf3 {[%emt 0:02:03]} Rxh2 {[%emt 0:00:15]} 32. Ra1 {[%emt 0:01:12]} h4 {[%emt 0:02:23]} 33. gxh4 {[%emt 0:00:13]} Rxh4 {[%emt 0:00:03]} 34. Nxa5 {[%emt 0:00:09]} Kd5 {[%emt 0:00:06]} 35. Nb7 {[%emt 0:03:39]} Kc6 {[%emt 0:04:31]} 36. Nd8+ {[%emt 0:00:10]} Kb6 {[%emt 0:00:14]} 37. a5+ {[%emt 0:00:54]} Ka6 {[%emt 0:00:18]} 38. Ne6 {[%emt 0:01:57]} Rc4 {[%emt 0:01:16]} 39. Ke3 {[%emt 0:01:05]} Rc6 {[%emt 0:00:12]} 40. Nxg7 {[%emt 0:00:13]} Rc5 {[%emt 0:00:05]} 41. Ke4 {[%emt 0:00:06]} Rxa5 {[%emt 0:00:07]} 42. Rxa5+ {[%emt 0:00:02]} Kxa5 {[%emt 0:16:37]} 1/2-1/2

[Event "Bruges Masters 2019"]
[Site "Bruges"]
[Date "2019.08.12"]
[Round "3.1"]
[White "Ortiz Suarez, Isan Reynaldo"]
[Black "Pel, Bonno"]
[Result "1-0"]
[WhiteElo "2533"]
[BlackElo "2255"]
[Annotator "TA"]
[PlyCount "115"]
[EventDate "2019.08.11"]
[EventType "swiss"]
[EventCountry "BEL"]
[SourceTitle "playchess.com"]
[Source "ChessBase"]
[SourceQuality "1"]

{[%evp 17,115,52,62,45,53,52,70,40,30,28,20,1,1,0,0,-20,16,14,19,36,17,7,7,5,7,14,8,5,0,0,18,-59,0,0,11,17,22,8,48,27,61,52,47,27,29,26,40,0,0,0,105,0,0,0,50,54,41,41,73,73,140,13,74,74,129,117,124,102,93,72,75,21,126,114,201,197,202,205,187,179,183,178,452,477,418,414,406,360,933,912,839,832,1007,737,1001,982,972,950,1152,801]} 1. Nf3 d6 2. d4 g6 3. g3 Bg7 4. c4 e5 5. Nc3 Nc6 6. dxe5 Nxe5 7. Nxe5 Bxe5 8. Bg2 Ne7 9. O-O O-O 10. Bg5 {A41: 1 d4 d6: Tartakower System and Modern Defence} (10. Qc2 Bg7 11. b3 Re8 12. Bb2 a5 13. Nd5 Nxd5 14. cxd5 Bf5 15. Qd2 Bxb2 16. Qxb2 a4 17. e3 Qd7 {1-0 (59) Yuffa,D (2527)-Demuth,A (2543) Cap d'Agde 2017}) 10... Bxc3 11. bxc3 f6 12. Bh6 {White is slightly better.} Re8 13. Rb1 $146 ({Predecessor:} 13. c5 d5 14. Qb3 c6 15. e4 Kh8 16. Rad1 Qa5 17. exd5 cxd5 18. Bxd5 Bg4 19. Bxb7 Ng8 20. Qf7 {1-0 (20) Tschann,S (2255)-Scherer,R (2212) Baden 2018}) 13... Rb8 14. c5 Nf5 $1 {[%cal Rf5h6]} 15. Bf4 g5 16. e4 (16. Bd2 {with more complications.} dxc5 17. f4 Nd6 18. fxg5 fxg5 19. Qc1) 16... gxf4 (16... Nh4 {looks sharper.} 17. gxh4 gxf4 18. Qf3 dxc5 19. Qxf4 Kh8) 17. exf5 Bxf5 18. Rxb7 Rxb7 19. Bxb7 dxc5 20. Qh5 Re5 $132 {[%mdl 2048] Black is fighting back} 21. gxf4 Bg6 $1 22. Qf3 Re7 23. Bd5+ Kh8 24. c4 ({White should try} 24. h3 $11) 24... Bf5 (24... c6 $1 $15 25. Bxc6 Bd3) 25. h3 $11 Rg7+ 26. Kh2 Qe8 27. Rd1 Qg6 28. Re1 h5 29. Qe3 Bd7 30. Qxc5 Bxh3 $1 31. Be4 ({Much weaker is} 31. Qxa7 Be6 $17) 31... f5 32. Bf3 Bg4 $1 {[%cal Rg4f3]} 33. Bg2 {aiming for Qd5.} Qf6 {[#]} (33... Be2 $1 $11 34. Bh3 Bg4) 34. Re3 ({Don't go for} 34. Qxa7 $2 Qh4+ 35. Kg1 Bf3 $19) ({Better is} 34. Qc6 $1 $16 {[%cal Rc6f6]} Qxc6 35. Bxc6) 34... Kh7 35. Qe5 Qg6 36. Qe6 {Strongly threatening f3.} Bd1 {[%csl Gg7][%cal Rg6g2]} 37. Qxg6+ Kxg6 $14 {[%mdl 4096] Endgame KRB-KRB} 38. Re6+ Kf7 {[#]} (38... Kh7 $142) 39. Ra6 (39. Bd5 $1 $16) 39... Ke7 (39... Rg4 $11) 40. Rxa7 $16 Kd6 ({Black should play} 40... Rg4) 41. Ra5 {Black must now prevent Rd5+.} Bc2 42. Rd5+ Ke6 {...Rxg2+! is the strong threat.} 43. Re5+ Kf6 44. Rc5 (44. Bf3 $16) 44... Rd7 (44... Rg4 $1 $11 {keeps the balance.}) 45. Bd5 Ke7 (45... Ba4 $16) 46. Kg3 Kd8 47. Kh4 Rg7 48. f3 Rg2 49. Kxh5 Bd3 $2 (49... Ba4 50. Be6 Bd1 51. Rxf5 (51. Bxf5 Bxf3+ 52. Kh4 Rxa2 $16) 51... Bxf3+ 52. Kh4 Ke7) 50. a4 $18 {[%cal Ba2a4,Ba4a5,Ba5a6][%mdl 32]} Ra2 51. a5 Kd7 52. Kg6 Kd6 $2 (52... c6 53. Bxc6+ Kd6) 53. Rc6+ {White is clearly winning.} Kd7 54. a6 Ra5 55. Kf6 Bc2 56. Re6 {Threatening mate with Bc6+.} Ba4 57. Bb7 c6 58. Re5 {Accuracy: White = 56%, Black = 43%.} 1-0

[Event "Bruges Masters 2019"]
[Site "Bruges"]
[Date "2019.08.12"]
[Round "3.2"]
[White "Van Malder, Dries"]
[Black "Leenhouts, Koen"]
[Result "1/2-1/2"]
[WhiteElo "2178"]
[BlackElo "2426"]
[Annotator "TA"]
[PlyCount "140"]
[EventDate "2019.08.11"]
[EventType "swiss"]
[EventCountry "BEL"]
[SourceTitle "playchess.com"]
[Source "ChessBase"]
[SourceQuality "1"]

{[%evp 9,140,8,18,14,35,33,38,38,83,31,34,0,14,16,21,13,18,25,42,35,51,44,47,21,58,41,66,45,55,0,79,12,8,10,24,24,53,33,47,50,48,53,57,56,75,0,51,0,122,138,139,124,113,108,110,123,222,217,231,225,233,233,244,241,247,252,314,288,313,210,275,280,276,198,200,200,237,222,229,232,233,231,222,16,16,16,16,16,16,16,187,67,67,67,67,67,67,67,67,67,67,67,67,67,67,67,67,0,67,0,67,67,67,67,67,67,67,67,67,0,0,0,0,0,0,0,0,0,0,0,0,0,0]} 1. e4 c5 2. Nf3 e6 3. c3 Nf6 4. Bd3 Nc6 5. Bc2 (5. O-O d5 6. e5 Nd7 7. Bb5 a6 8. Bxc6 bxc6 9. d3 Be7 10. Re1 O-O 11. c4 f6 12. exf6 Bxf6 13. Nc3 {1-0 (37) Rapport,R (2715)-Lenderman,A (2600) Reykjavik 2018}) 5... Be7 6. O-O {B40: Sicilian: 2...e6, Unusual lines} O-O 7. Re1 e5 8. d4 {White is slightly better.} d6 9. dxe5 $146 (9. d5 $16) ({Predecessor:} 9. h3 a6 10. dxe5 dxe5 11. Qe2 Qc7 12. a4 Be6 {1-0 (43) Duong,T (2054)-Le,T (1560) Ho Chi Minh City 2017}) 9... dxe5 $14 10. Bg5 Qc7 11. Bxf6 Bxf6 12. Nbd2 Ne7 13. Qe2 Ng6 14. g3 $1 Bg4 15. Nc4 Bg5 16. a4 Qe7 17. Bb3 Rac8 {[%cal Ba8c8,Bc8c6,Bc6b6][%mdl 32]} 18. Kg2 Rc6 {White must now prevent ...Rf6.} 19. h3 (19. Rad1 $1 $14) 19... Bh5 (19... Bxh3+ $1 $11 {keeps the balance.} 20. Kxh3 Qd7+ 21. Kh2 Nf4) 20. Ne3 ({Better is} 20. Qf1 $16) 20... Bxe3 $11 21. Qxe3 Bxf3+ 22. Qxf3 Rb6 23. Qd1 Qg5 24. a5 Rf6 25. Qg4 Qd2 26. Qe2 $36 {[%mdl 2048] White has some pressure.} Qg5 27. Qg4 (27. Kh2 $16) 27... Qh6 (27... Qd2 $1 $11 28. Qe2 Rd6) 28. Qe2 (28. Kf1 $14) 28... b5 (28... Qg5 $1 $11 29. Kh2 Rb8) 29. axb6 $1 $16 Rxb6 30. Bd5 Qg5 {Hoping for ...Nf4+.} 31. Kh2 (31. Qe3 {feels hotter.} Qe7 32. Ra5 Rc8 33. Rea1 Rc7 34. b4) 31... Qe7 32. Ra5 Rfb8 {[#]} (32... Rc8 $16 33. Rea1 Rc7) 33. b3 $1 $18 Rd8 34. Rea1 Rd7 35. Qc4 Rc7 {[#]} 36. Qa4 $1 h5 37. Rxa7 Rxa7 38. Qxa7 Qf6 39. Ra2 h4 40. Bxf7+ Kh7 41. Bxg6+ Qxg6 {[%mdl 4096] Endgame KQR-KQR} 42. Qc7 ({Not} 42. gxh4 Qf6 $11) 42... Qf6 43. Qxc5 Rxb3 44. Qe3 hxg3+ 45. fxg3 Qf7 {and the idea ...Rxc3 leaves Black hopeful.} 46. Qf2 $2 ({White should try} 46. Rd2 $18) 46... Qxf2+ $11 47. Rxf2 {Strongly threatening Rc2.} Rxc3 {KR-KR} 48. Rf5 {Threatening Rh5+.} Rc2+ 49. Kg1 Rc1+ $2 (49... Rc5 $1 $11) 50. Kf2 (50. Kg2 $18) 50... Rc5 $1 $14 51. Kf3 g6 $1 {[%cal Rg6f5]} 52. Rf7+ Kh6 53. Re7 {h4 is the strong threat.} Kg5 54. h4+ $1 Kf6 55. Ra7 Rc3+ 56. Kg4 Re3 57. Ra6+ Kf7 58. Ra7+ Kf6 $1 59. Ra6+ Kf7 60. Ra4 Kf6 61. Rb4 Ke6 62. Rb6+ Kf7 63. Rb1 Kg7 64. Rf1 (64. Rb4 $14) 64... Kh6 $11 {The position is equal.} 65. Rf7 Rxe4+ 66. Kf3 Ra4 67. g4 {Intending g5+ and mate.} Ra3+ 68. Kg2 Ra2+ 69. Kg3 {g5+ would kill now.} Ra3+ 70. Rf3 Ra5 {Accuracy: White = 60%, Black = 48%.} 1/2-1/2